Der spätrömische Silberschatz von Kaiseraugst - die neuen Funde : Silber im Spannungsfeld von Geschichte, Politik und Gesellschaft der Spätantike
Gespeichert in:
| Mitwirkende: | |
|---|---|
| Dokumenttyp: | Buch |
| Sprache: | German |
| Veröffentlicht: |
Augst
: Römerstadt Augusta Raurica
, 2003
|
| Schriftenreihe: | Forschungen in Augst
34 |
| Schlagwörter: | |
| Online Zugang: | Inhaltsverzeichnis Inhaltsverzeichnis |
| Bibliogr. Hinweis: | Rezensiert in:
[Rezension von: Der spätrömische Silberschatz von Kaiseraugst, die neuen Funde ; Silber im Spannungsfeld von Geschichte, Politik und Gesellschaft der Spätantike] Rezensiert in: [Rezension von: Martin A. Guggisberg (Hrsg.), Der spätrömische Silberschatz von Kaiseraugst, die neuen Funde] |
| Verantwortlich: | [Hrsg.:] Römerstadt Augusta Raurica. Hrsg. von Martin A. Guggisberg ... Mit Beitr. von Jürg Ewald ... |
| LEADER | 04641cam a2200817 c 4500 | ||
|---|---|---|---|
| 001 | 1606099787 | ||
| 003 | DE-627 | ||
| 005 | 20260519103351.0 | ||
| 007 | tu | ||
| 008 | 030722s2003 xx ||||| 00| ||ger c | ||
| 015 | |a 03,N34,1532 |2 dnb | ||
| 015 | |a 03,B38,0577 |2 dnb | ||
| 016 | 7 | |a 968433073 |2 DE-101 | |
| 020 | |a 3715100346 |9 3-7151-0034-6 | ||
| 035 | |a (DE-627)1606099787 | ||
| 035 | |a (DE-603)112871860 | ||
| 035 | |a (DE-576)106086626 | ||
| 035 | |a (DE-599)BSZ106086626 | ||
| 035 | |a (OCoLC)1532342019 | ||
| 035 | |a (OCoLC)314271207 | ||
| 035 | |a (OCoLC)52746869 | ||
| 040 | |a DE-627 |b ger |c DE-627 |e rakwb | ||
| 041 | |a ger | ||
| 044 | |c XA-CH-AG | ||
| 084 | |a 60 |a 46 |2 sdnb | ||
| 084 | |a 6,14 |2 ssgn | ||
| 084 | |a LG 5400 |2 rvk |0 (DE-625)rvk/92149: | ||
| 084 | |a NH 7771 |2 rvk |0 (DE-625)rvk/125790:12246 | ||
| 245 | 0 | 4 | |a Der spätrömische Silberschatz von Kaiseraugst - die neuen Funde |b Silber im Spannungsfeld von Geschichte, Politik und Gesellschaft der Spätantike |c [Hrsg.:] Römerstadt Augusta Raurica. Hrsg. von Martin A. Guggisberg ... Mit Beitr. von Jürg Ewald ... |
| 264 | 1 | |a Augst |b Römerstadt Augusta Raurica |c 2003 | |
| 300 | |a 378 S., [1] Faltbl., [26] Bl. |b zahlr. Ill. | ||
| 336 | |a Text |b txt |2 rdacontent | ||
| 337 | |a ohne Hilfsmittel zu benutzen |b n |2 rdamedia | ||
| 338 | |a Band |b nc |2 rdacarrier | ||
| 490 | 1 | |a Forschungen in Augst |v 34 | |
| 500 | |a Literaturverzeichnis Seite 347 - 353 | ||
| 583 | 1 | |a Archivierung/Langzeitarchivierung gewährleistet |f SSG |x XA-DE-BW |2 pdager |5 DE-16 | |
| 648 | 7 | |a Geschichte 1995 |2 gnd | |
| 650 | 0 | 7 | |0 (DE-588)4231314-4 |0 (DE-627)10493347X |0 (DE-576)210354615 |a Silberschatz |2 gnd |
| 650 | 0 | 7 | |0 (DE-588)4076769-3 |0 (DE-627)104826169 |0 (DE-576)209202866 |a Römerzeit |2 gnd |
| 650 | 0 | 7 | |0 (DE-588)4071507-3 |0 (DE-627)104642874 |0 (DE-576)209184205 |a Funde |2 gnd |
| 651 | 7 | |0 (DE-588)4029249-6 |0 (DE-627)10627497X |0 (DE-576)208981829 |a Kaiseraugst |2 gnd | |
| 655 | 7 | |a Aufsatzsammlung |0 (DE-588)4143413-4 |0 (DE-627)105605727 |0 (DE-576)209726091 |2 gnd-content | |
| 689 | 0 | 0 | |d g |0 (DE-588)4029249-6 |0 (DE-627)10627497X |0 (DE-576)208981829 |a Kaiseraugst |2 gnd |
| 689 | 0 | 1 | |d s |0 (DE-588)4231314-4 |0 (DE-627)10493347X |0 (DE-576)210354615 |a Silberschatz |2 gnd |
| 689 | 0 | 2 | |d s |0 (DE-588)4076769-3 |0 (DE-627)104826169 |0 (DE-576)209202866 |a Römerzeit |2 gnd |
| 689 | 0 | 3 | |d s |0 (DE-588)4071507-3 |0 (DE-627)104642874 |0 (DE-576)209184205 |a Funde |2 gnd |
| 689 | 0 | 4 | |a z |2 gnd |a Geschichte 1995 |
| 689 | 0 | |5 DE-101 | |
| 700 | 1 | |a Guggisberg, Martin A. |d 1960- |e Hrsg. |0 (DE-588)1034482459 |0 (DE-627)745627730 |0 (DE-576)382082796 |4 edt | |
| 700 | 1 | |8 1\p |a Ewald, Jürg |d 1938- |0 (DE-588)121477967 |0 (DE-627)081333455 |0 (DE-576)213745887 |4 oth | |
| 710 | 2 | |a Augst |0 (DE-588)4003622-4 |0 (DE-627)106389076 |0 (DE-576)208852212 |4 oth | |
| 787 | 0 | 8 | |i Rezensiert in |a Hupe, Joachim |t [Rezension von: Der spätrömische Silberschatz von Kaiseraugst, die neuen Funde ; Silber im Spannungsfeld von Geschichte, Politik und Gesellschaft der Spätantike] |d 2002 |w (DE-627)1701987929 |
| 787 | 0 | 8 | |i Rezensiert in |a Blaich, Markus C., 1968 - |t [Rezension von: Martin A. Guggisberg (Hrsg.), Der spätrömische Silberschatz von Kaiseraugst, die neuen Funde] |d Halle (Saale) : Landesamt für Denkmalpflege und Archäologie Sachsen-Anhalt, Landesmuseum für Vorgeschichte, 2006 |w (DE-627)1795466308 |
| 830 | 0 | |a Forschungen in Augst |v 34 |9 34 |w (DE-627)182241106 |w (DE-576)006826237 |w (DE-600)916720-1 |7 am | |
| 856 | 4 | 2 | |u https://swbplus.bsz-bw.de/bsz106086626inh.htm |m V:DE-576 |v 2005-02-03 |3 Inhaltsverzeichnis |7 1 |
| 856 | 4 | 2 | |u http://scans.hebis.de/HEBCGI/show.pl?11287186_toc.pdf |m V:DE-576 |q application/pdf |3 Inhaltsverzeichnis |7 1 |
| 883 | |8 1\p |a cgwrk |d 20250301 |q DE-101 |u https://d-nb.info/provenance/plan#cgwrk | ||
| 936 | r | v | |a LG 5400 |b Gold und Silber, einschl. Schmuck |k Klassische Archäologie |k Antike Kunst und Kultur |k Kleinkunst |k Gold und Silber, einschl. Schmuck |0 (DE-627)1271502003 |0 (DE-625)rvk/92149: |0 (DE-576)201502003 |
| 936 | r | v | |a NH 7771 |b Gebietskörperschaften, einzelne Städte und Siedlungen von A-Z |k Geschichte |k Griechisch-römische Geschichte |k Römische Geschichte |k Regionalgeschichte des Römischen Reiches |k Westeuropa |k Unter- und Obergermanien (mit römischer Schweiz) |k Gebietskörperschaften, einzelne Städte und Siedlungen von A-Z |0 (DE-627)1270912577 |0 (DE-625)rvk/125790:12246 |0 (DE-576)200912577 |
| 936 | s | n | |a n100 |2 mzub |
| 936 | s | n | |a l200 |2 mzub |
| 936 | s | n | |a l300 |2 mzub |
| 951 | |a BO | ||
| 990 | |a Kaiseraugst | ||
| 990 | |a Silberschatz | ||
| 990 | |a Römerzeit | ||
| 990 | |a Funde | ||
| 990 | |a Geschichte 1995 | ||
| 991 | |a Rezensiertes Werk | ||
| 999 | |a KXP-PPN1606099787 |e 458195973X | ||


